[Event "Speed Chess (Women) Q7"]
[Site "Chess.com INT"]
[Date "2021.06.06"]
[Round "12"]
[White "Grineva, Marianna"]
[Black "Ortez, Andrea"]
[Result "1-0"]
[WhiteElo "2029"]
[BlackElo "1969"]
[PlyCount "65"]
[EventDate "2021.06.06"]
[EventType "swiss (blitz)"]
[EventRounds "21"]
[EventCountry "USA"]
[SourceTitle "CBM 202 Extra"]
[Source "ChessBase"]
[SourceDate "2021.07.31"]
[SourceVersion "1"]
[SourceVersionDate "2021.07.31"]
[SourceQuality "1"]

1. e4 c5 2. Nf3 Nc6 3. d4 cxd4 4. Nxd4 g6 5. c4 Nf6 6. Nc3 Nxd4 7. Qxd4 d6 8. f3 Bg7 9. Be3 0-0 10. Qd2 a5 11. Be2 a4 12. Rc1 Qa5 13. 0-0 Be6 14. Rfd1 Rfc8 15. b3 axb3 16. axb3 Nd7 17. Kf2 Nc5 18. Qb2 Qb4 19. Bd2 Qxb3 20. Rb1 Qxb2 21. Rxb2 Na4 22. Nxa4 Rxa4 23. Rxb7 Bxc4 24. Bxc4 Raxc4 25. Rxe7 Rc2 26. Ke3 Bh6+ 27. f4 Bg7 28. g3 h5 29. Rd7 Rb8 30. Kd3 Rb3+ 31. Kxc2 Rb2+ 32. Kd3 Rb3+ 33. Kc4 1-0

[Event "Speed Chess (Women) Q7"]
[Site "Chess.com INT"]
[Date "2021.06.06"]
[Round "10"]
[White "Ortez, Andrea"]
[Black "Torres Hernandez, Leslie Carolin"]
[Result "1/2-1/2"]
[WhiteElo "1969"]
[BlackElo "1884"]
[PlyCount "123"]
[EventDate "2021.06.06"]
[EventType "swiss (blitz)"]
[EventRounds "21"]
[EventCountry "USA"]
[SourceTitle "CBM 202 Extra"]
[Source "ChessBase"]
[SourceDate "2021.07.31"]
[SourceVersion "1"]
[SourceVersionDate "2021.07.31"]
[SourceQuality "1"]

1. e4 c6 2. d4 d5 3. exd5 cxd5 4. c4 e6 5. Nc3 Nf6 6. Nf3 a6 7. a3 dxc4 8. Bxc4 b5 9. Ba2 Bb7 10. 0-0 Be7 11. Be3 0-0 12. Qe2 Nbd7 13. Rfd1 Qa5 14. Rac1 Rac8 15. Ne5 Bxa3 16. bxa3 Qxa3 17. Nb1 Qa5 18. Bb3 Nxe5 19. dxe5 Ne4 20. Bd4 Qd8 21. f3 Ng5 22. Be3 Qe7 23. Rxc8 Rxc8 24. Qd2 h6 25. Bc2 Bxf3 26. Bxg5 hxg5 27. gxf3 Qc5+ 28. Kh1 Qxe5 29. Qd3 g6 30. Rg1 Qf4 31. Nd2 Rc5 32. Ne4 Rd5 33. Qe2 f5 34. Ng3 Rd2 35. Qg2 Qh4 36. Qxd2 f4 37. Qd8+ Kg7 38. Ne4 Qh3 39. Qf6+ Kh7 40. Qxg5 Qxf3+ 41. Qg2 Qh5 42. Qxg6+ Qxg6 43. Rxg6 Kxg6 44. Nc5+ Kf6 45. Nxa6 Ke5 46. Nb4 Kd4 47. Kg2 Kc3 48. Bf5 exf5 49. Nd5+ Kd3 50. Nxf4+ Kc2 51. Ne2 Kd3 52. Nc1+ Ke4 53. Nb3 Kf4 54. Kf2 Kg4 55. Nd4 b4 56. Nb3 Kh3 57. Kf3 f4 58. Kxf4 Kxh2 59. Ke3 Kg2 60. Kd3 Kh3 61. Kc4 Kg2 62. Kxb4 1/2-1/2

[Event "Speed Chess (Women) Q7"]
[Site "Chess.com INT"]
[Date "2021.06.06"]
[Round "14"]
[White "Ortez, Andrea"]
[Black "Zhuravleva, Olga"]
[Result "0-1"]
[WhiteElo "1969"]
[BlackElo "2278"]
[PlyCount "58"]
[EventDate "2021.06.06"]
[EventType "swiss (blitz)"]
[EventRounds "21"]
[EventCountry "USA"]
[SourceTitle "CBM 202 Extra"]
[Source "ChessBase"]
[SourceDate "2021.07.31"]
[SourceVersion "1"]
[SourceVersionDate "2021.07.31"]
[SourceQuality "1"]

1. e4 e5 2. Nf3 Nc6 3. Bb5 f5 4. d3 Nf6 5. Nc3 Bc5 6. 0-0 0-0 7. Be3 Nd4 8. Bc4+ Kh8 9. Nxe5 Qe7 10. Nf3 Nxf3+ 11. Qxf3 fxe4 12. dxe4 Bb4 13. Bg5 Bxc3 14. bxc3 Qxe4 15. Qxe4 Nxe4 16. Be3 Nxc3 17. Bd3 Nd5 18. Bd4 d6 19. Rae1 Bf5 20. Bxf5 Rxf5 21. f3 Kg8 22. Re2 Rf7 23. Rfe1 Raf8 24. Rb1 b6 25. c4 Nf4 26. Rd2 Re7 27. Bf2 Rfe8 28. g3 Ne2+ 29. Kg2 Nc3 0-1

[Event "Speed Chess (Women) Q7"]
[Site "Chess.com INT"]
[Date "2021.06.06"]
[Round "4"]
[White "Pandey, Srishti"]
[Black "Ortez, Andrea"]
[Result "1-0"]
[WhiteElo "2026"]
[BlackElo "1969"]
[PlyCount "65"]
[EventDate "2021.06.06"]
[EventType "swiss (blitz)"]
[EventRounds "21"]
[EventCountry "USA"]
[SourceTitle "CBM 202 Extra"]
[Source "ChessBase"]
[SourceDate "2021.07.31"]
[SourceVersion "1"]
[SourceVersionDate "2021.07.31"]
[SourceQuality "1"]

1. e4 c5 2. Nf3 Nc6 3. d3 g6 4. Be2 Bg7 5. 0-0 e6 6. c3 Nge7 7. d4 cxd4 8. cxd4 d5 9. Nc3 0-0 10. e5 a6 11. a3 Qb6 12. b4 Nf5 13. Na4 Qa7 14. Bb2 b5 15. Nc5 Bb7 16. Rc1 Rac8 17. Qd2 Rfd8 18. Rc2 Rc7 19. Ne1 Rdc8 20. f4 h5 21. Kh1 Nfe7 22. Nf3 Bf8 23. Rfc1 Nf5 24. g3 Nh6 25. Ng5 Ng4 26. Bf3 Nh6 27. Kg2 Bg7 28. h3 Nf5 29. Qf2 Nfe7 30. g4 Nd8 31. gxh5 gxh5 32. Bxh5 Qa8 33. Kg3 1-0